Lectures on Japan : An outline of the development of the Japanese people and their culture
Contents: I. The Japanese race, II. What Japan owes to China, III. Japanese and European feudalism, IV. The Japanese policy of isolation
Sparad:
| Huvudupphovsman: | |
|---|---|
| Materialtyp: | Bok |
| Språk: | Undetermined |
| Publicerad: |
Tokyo
Kenkyusha
1936
|
| Ämnen: | |
| Taggar: |
Lägg till en tagg
Inga taggar, Lägg till första taggen!
|
| Thư viện lưu trữ: | Trung tâm Học liệu Trường Đại học Cần Thơ |
|---|
| LEADER | 00779nam a2200217Ia 4500 | ||
|---|---|---|---|
| 001 | CTU_222043 | ||
| 008 | 210402s9999 xx 000 0 und d | ||
| 082 | |a 915.2 | ||
| 082 | |b N731 | ||
| 100 | |a Nitobé, Inazo | ||
| 245 | 0 | |a Lectures on Japan : | |
| 245 | 3 | |b An outline of the development of the Japanese people and their culture | |
| 245 | 0 | |c Inazo Nitobé | |
| 260 | |a Tokyo | ||
| 260 | |b Kenkyusha | ||
| 260 | |c 1936 | ||
| 520 | |a Contents: I. The Japanese race, II. What Japan owes to China, III. Japanese and European feudalism, IV. The Japanese policy of isolation | ||
| 650 | |a Japan,Nhật Bản | ||
| 650 | |x Description and travel,Mô tả và du hành | ||
| 904 | |i Nguyễn An Khang,Hải | ||
| 980 | |a Trung tâm Học liệu Trường Đại học Cần Thơ | ||